000 01194cam a2200277 i 4500
003 SA-RiAUC
005 20241003141604.0
008 240928s1985 le g 00000dara c
040 _aSA-RiKSU
_bara
_cSA-RiAUC
_erda
082 0 4 _a810.95
090 _a810.95
_bس ل و
100 1 _aسلوم، داود،
_d1930-2010
_eمؤلف.
245 1 0 _aدراسة كتاب الأغاني ومنهج مؤلفه /
_cداود سلوم.
250 _aالطبعة الثالثة.
264 1 _aبيروت :
_bمكتبة النهضة العربية :
_bعالم الكتب،
_c1985
300 _a189 صفحة ؛
_c24 سم
336 _aنص
_btxt
_2rdacontent
_3كتاب
337 _aبدون وسيط
_bn
_2rdamedia
338 _aمجلد
_bnc
_2rdacarrier
600 1 7 _aأبو الفرج الأصبهاني، علي بن الحسين بن محمد،
_d284-356 هجري
_2aucnm
650 7 _aالأدب العربي
_xتاريخ ونقد
_yالعصر العباسي
_2aucsh
700 1 2 _aأبو الفرج الأصبهاني، علي بن الحسين بن محمد،
_d284-356 هجري
_tالأغاني.
740 2 2 _aالأغاني.
942 _2ddc
_cBOOK
_n0
949 _aSA-JeALM
_d240928
_umohamedma123
_n1
999 _c842
_d842